Histología básica: texto y atlas

में बचाया:
ग्रंथसूची विवरण
मुख्य लेखकों: Junqueira, Luiz C (लेखक), Carneiro, José (लेखक)
स्वरूप: पुस्तक
भाषा:स्पेनिश
प्रकाशित: Barcelona Masson Elsevier 2005
संस्करण:6a. ed
विषय:
टैग: टैग जोड़ें
कोई टैग नहीं, इस रिकॉर्ड को टैग करने वाले पहले व्यक्ति बनें!

MARC

LEADER 00000cam a2200000 a 4500
001 UCD7159
003 CL-VaPUC
008 170309e20050000sp |||||||||||||||||spa|d
020 |a 8445814621 
082 0 4 |a 571.5  |b JUN  |2 21 
100 |a Junqueira, Luiz C  |e author  |9 591081 
700 0 |a Carneiro, José  |e author  |9 591082 
245 1 0 |a Histología básica: texto y atlas 
250 |a 6a. ed 
300 |a 488 p 
942 |c BK 
945 |d 20170309 22:28:00  |a arojas 
260 |a Barcelona  |b Masson Elsevier  |c 2005 
650 7 |a HISTOLOGIA MANUALES  |2 CL-VaPUC  |9 591083 
583 |a last modification  |c 20170309 22:28:00  |k Rodrigo Vera 
999 |c 367255  |d 367253